| 000 | 00000nas 2200000za 4500 |
| 001 | 9.823286 |
| 003 | CaOODSP |
| 005 | 20221107143850 |
| 007 | cr ||||||||||| |
| 008 | 160826d19821984oncar p oss f0###a0fre|d |
| 022 | |y0828-8801 |
| 040 | |aCaOODSP|bfre |
| 041 | |aeng|afre |
| 043 | |an-cn--- |
| 086 | 1 |aCS53-225-PDF |
| 245 | 00|aFuel Consumption Survey, light trucks and vans |h[ressource électronique] / |cStatistics Canada, Special Surveys Division and Special Surveys Methodology Sub-Division and Regional Operations Branch = Enquête sur la consommation de carburant, camionnettes et fourgonnettes / Statistique Canada, Division des enquêtes spéciales et Sous-division de la méthodologie des enquêtes spéciales et Direction des opérations régionales. |
| 246 | 11|aEnquête sur la consommation de carburant, camionnettes et fourgonnettes |
| 260 | |aOttawa : |bStatistics Canada = Statistique Canada, |c1985-1986. |
| 310 | |aAnnuel |
| 362 | 0 |aOct. 1981/sept. 1982-oct. 1983/déc.1984. |
| 500 | |aÉdition numérisée de l’imprimé [par Statistique Canada]. |
| 500 | |aSur la couv.: Special surveys program = Programme des enquêtes spéciales. |
| 520 | |a« L'enquête vise à établir une base de données sur l'utilisation de voitures particulières, camionnettes et fourgonnettes à des fins personnelles au Canada. Celle-ci nous renssignera sur les éléments suivants: distance totale parcourue, quantité totale de carburant consommé, distance moyenne parcourue par unité de carburant, dépense totales en carburant, fluctuations saisonnières de la consommation de carburant et des distances parcourues »--Introduction, édition 1982. |
| 546 | |aTexte en anglais et en français. |
| 580 | |aFait suite à une partie de: Fuel consumption survey, annual report, ..., special surveys program. |
| 580 | |aFusionné avec: Passenger car fuel consumption survey, et devient: Fuel consumption survey, passenger cars, light trucks and vans. |
| 692 | 07|2gccst|aVéhicule |
| 692 | 07|2gccst|aCombustible |
| 710 | 1 |aCanada.|bStatistique Canada.|bDivision des enquêtes spéciales. |
| 710 | 2 |aStatistique Canada.|bOpérations régionales. |
| 710 | 2 |aStatistique Canada.|bSous-division de la méthodologie des enquêtes spéciales. |
| 780 | 00|tFuel Consumption Survey, annual report ..., Special Surveys Program |w(CaOODSP)9.823299 |
| 785 | 00|tFuel consumption survey, passenger cars, light trucks and vans |w(CaOODSP)9.817930 |
| 791 | |tFuel Consumption Survey, light trucks and vans |eeng|w(CaOODSP)9.823285 |